Problematika merania relatívnej permitivity substrátov mikrovlnných integrovaných obvodov : Habil.práca : Obh. 10.01.1978 /

Gespeichert in:
Bibliographische Detailangaben
1. Verfasser: Steiner, Vladimír (Verfasst von)
Format: Manuskript Buch
Veröffentlicht: Bratislava : SVŠT v Bratislave EF, 1977
Tags: Tag hinzufügen
Keine Tags, Fügen Sie das erste Tag hinzu!

MARC

LEADER 00000ntm a22000003a 4500
001 stu7304
005 20150617225809.4
008 ------s1977----------------------------d
040 |a STU  |b slo 
041 0
100 1 |a Steiner, Vladimír  |4 aut 
245 1 |a Problematika merania relatívnej permitivity substrátov mikrovlnných integrovaných obvodov :  |b Habil.práca : Obh. 10.01.1978 /  |c [aut.] Steiner,Vladimír, Ing. CSc 
260 |a Bratislava :  |b SVŠT v Bratislave EF,  |c 1977 
300 |a 97 s 
996 |b 284ED01007  |c E*HABIL-44  |l EE01  |s A  |a 24  |w stu7304_0001